Mathematical analysis and applications : essays dedicated to Laurent Schwartz on the occasion of his 65th birthday /

Bibliographic Details
Other Authors: Nachbin, Leopoldo, Schwartz, Laurent
Format: Book
Language:English
French
Published: New York : Academic Press, 1981.
Series:Advances in mathematics. Supplementary studies ; v. 7.
Subjects:

MARC

Tag First Indicator Second Indicator Subfields
LEADER 00000pam a2200000 a 4500
001 in00000079118
005 20151008055231.0
008 810223s1981 nyu b 00000 eng
010 |a  80001780  
020 |a 0125128010 (v. 1) 
020 |a 0125128029 (v. 2) 
035 |a (OCoLC)07271816 
035 |9 AAJ2908AM 
039 0 |a 2  |b 3  |c 3  |d 3  |e 3 
040 |a DLC  |c DLC  |d TXA  |d UtOrBLW 
041 0 |a eng  |a fre 
049 |a TXAM  |d [  |v -pt.]  |v A [1361832]  |v B [1361833] 
050 0 0 |a QA300  |b .M294 
082 0 |a 515  |2 19 
245 0 0 |a Mathematical analysis and applications :  |b essays dedicated to Laurent Schwartz on the occasion of his 65th birthday /  |c edited by Leopoldo Nachbin. 
264 1 |a New York :  |b Academic Press,  |c 1981. 
300 |a 2 volumes ;  |c 24 cm. 
336 |a text  |b txt  |2 rdacontent 
337 |a unmediated  |b n  |2 rdamedia 
338 |a volume  |b nc  |2 rdacarrier 
490 1 |a Advances in mathematics. Supplementary studies ;  |v v. 7 
500 |a English or French. 
504 |a Includes bibliographies. 
600 1 0 |a Schwartz, Laurent. 
650 0 |a Mathematical analysis. 
700 1 |a Nachbin, Leopoldo. 
700 1 |a Schwartz, Laurent. 
830 0 |a Advances in mathematics.  |p Supplementary studies ;  |v v. 7. 
999 |a MARS 
999 f f |s ee141a19-bfa8-38c9-85fe-5fe173d21f50  |i ba63c915-f66e-3895-9703-66d48dd381a4  |t 0 
952 f f |p ric  |a Texas A&M University  |b Rellis Campus  |c Joint Library Facility  |d Remote Storage  |t 0  |e QA300 .M294  |h Library of Congress classification  |i unmediated -- volume  |k pt.B  |m A14806204675 
952 f f |p ric  |a Texas A&M University  |b Rellis Campus  |c Joint Library Facility  |d Remote Storage  |t 0  |e QA300 .M294  |h Library of Congress classification  |i unmediated -- volume  |k pt.A  |m A14806204667 
998 f f |a QA300 .M294  |s pt.A-B  |t 0  |l Remote Storage